Logic in computer science: modelling and reasoning about systems (Record no. 5847)
[ view plain ]
| 000 -LEADER | |
|---|---|
| fixed length control field | 00624 a2200181 4500 |
| 020 ## - INTERNATIONAL STANDARD BOOK NUMBER | |
| International Standard Book Number | 052154310X |
| 040 ## - CATALOGING SOURCE | |
| Original cataloging agency | DLC |
| Language of cataloging | DLC |
| 082 00 - DEWEY DECIMAL CLASSIFICATION NUMBER | |
| Classification number | 005.1015113 |
| 100 1# - MAIN ENTRY--PERSONAL NAME | |
| Personal name | Huth, Michael, |
| 245 10 - TITLE STATEMENT | |
| Title | Logic in computer science: modelling and reasoning about systems |
| Remainder of title | modelling and reasoning about systems |
| Statement of responsibility, etc. | Michael Huth, Mark Ryan. |
| 250 ## - EDITION STATEMENT | |
| Edition statement | 2nd ed. |
| 260 ## - PUBLICATION, DISTRIBUTION, ETC. | |
| Place of publication, distribution, etc. | Cambridge [U.K.] ; |
| -- | New York : |
| Name of publisher, distributor, etc. | Cambridge University Press, |
| Date of publication, distribution, etc. | 2004. |
| 300 ## - PHYSICAL DESCRIPTION | |
| Extent | xiv, 427 p. : |
| Other physical details | ill. ; |
| Dimensions | 25 cm. |
| 650 #0 - SUBJECT ADDED ENTRY--TOPICAL TERM | |
| Topical term or geographic name entry element | Computer logic. |
| 650 #0 - SUBJECT ADDED ENTRY--TOPICAL TERM | |
| Topical term or geographic name entry element | Logic programming (Computer science) |
| 700 1# - ADDED ENTRY--PERSONAL NAME | |
| Personal name | Ryan, Mark, |
| Dates associated with a name | 1962- |
| 942 ## - ADDED ENTRY ELEMENTS (KOHA) | |
| Koha item type | Book |
| Call number prefix | 005.1015113 HUT |
| Source of classification or shelving scheme | |
| Withdrawn status | Lost status | Damaged status | Not for loan | Collection code | Permanent Location | Current Location | Shelving location | Date acquired | Source of acquisition | Cost, normal purchase price | Total Checkouts | Total Renewals | Full call number | Barcode | Checked out | Date last seen | Date last checked out | Price effective from | Koha item type |
|---|---|---|---|---|---|---|---|---|---|---|---|---|---|---|---|---|---|---|---|
| Central Library (CL) | Central Library (CL) | First Floor - Software Engineering/ Programming Language | 05/02/2005 | Allied Book Company | 3656.07 | 9 | 6 | 005.1015113 HUT | SEECS005590 | 04/04/2026 | 11/30/2021 | 01/20/2020 | 01/05/2017 | Book |
